000 00418nam a2200169 a 4500
001 1758343166391
003 ACL
005 20250920101135.0
008 250920s2008##################000#0#eng##
020 _a9780007272587
082 0 4 _a793.74
_bTIM
100 1 _aGames, The Times Mind,
_eauthor.
245 1 0 _aThe Times Killer Su Doku 4 :
260 _bCollins,
_c2008.
942 _cENGLISH
040 _aACL
_beng
_cACL
999 _c588212
_d588212